Statistiche per Province dell'Emilia-Romagna (con mappa)

Clicka qui per fare il quiz!

Statistiche generali

  • Questo quiz è stato fatto 677 volte
  • Il punteggio medio è 8 su 9

Risposte nella Mappa

Le risposte nella mappa del quiz sottostante sono codificate secondo una scala di colori dal rosso al verde in base alla % di persone che hanno risposto correttamente.
Caricamento ...
 

Statistiche sulle risposte

Provincia% Corretto
Bologna
99%
Parma
90%
Rimini
89%
Reggio-Emilia
88%
Modena
86%
Forlì-Cesena
83%
Ravenna
82%
Ferrara
80%
Piacenza
76%

Distribuzione punteggi

Percentile per numero di risposta

Percentuale di utenti per punteggio

I tuoi punteggi nel tempo

Non hai fatto questo quiz